Seguridad e higiene en el trabajo: un enfoque integral
Furkejuvvon:
| Váldodahkkit: | , |
|---|---|
| Materiálatiipa: | Girji |
| Giella: | espánnjágiella |
| Almmustuhtton: |
Buenos Aires
Alfaomega
2011
|
| Preanttus: | 1a. ed |
| Fáttát: | |
| Fáddágilkorat: |
Lasit fáddágilkoriid
Eai fáddágilkorat, Lasit vuosttaš fáddágilkora!
|
MARC
| LEADER | 00000cam a2200000 a 4500 | ||
|---|---|---|---|
| 001 | UCF6510 | ||
| 003 | CL-VaPUC | ||
| 008 | 130503e20110000AG |||||||||||||||||spa|d | ||
| 020 | |a 9789871609192 | ||
| 082 | 0 | 4 | |a 658.38 |b CRE |2 21 |
| 100 | |a Creus Solé, Antonio |e author |9 579122 | ||
| 700 | 0 | |a Mangosio, Jorge Enrique |e author |9 568502 | |
| 245 | 1 | 0 | |a Seguridad e higiene en el trabajo: un enfoque integral |
| 250 | |a 1a. ed | ||
| 300 | |a 562 p | ||
| 942 | |c BK | ||
| 945 | |d 20130503 00:00:00 |a cmena | ||
| 260 | |a Buenos Aires |b Alfaomega |c 2011 | ||
| 650 | 0 | |a Seguridad laboral |9 462968 | |
| 650 | 0 | |a Higiene industrial |9 318704 | |
| 583 | |a last modification |c 20130503 10:06:00 |k Rodrigo Vera | ||
| 999 | |c 351679 |d 351677 | ||
| 952 | |0 0 |1 0 |4 0 |6 658_380000000000000_CRE_2011 |7 0 |8 A |9 455949 |a BIBMEC |b BIBMEC |d 2019-11-22 |i 4969367 |o 658.38 CRE 2011 |p 4969367 |r 2024-01-19 |w 2019-11-22 |y BK |k MEC | ||